Religion Quiz

Random Religion Quiz

Beta Gamma Names Quiz Stats

 Plays Quiz not verified by Sporcle

Score 0/20 Timer 10:00
0 Plays Today
Hint Answer % Correct
Adam RomanAdam Roman
93.2%
Michael Haft
93.2%
Andrew Arjana
90.7%
Michael Pagan
89.8%
Daniel Metherell
89%
Yash Patel
89%
Mark Kenney
88.1%
Tyler Vasquez-Dorn
86.4%
Vito Martino
84.7%
Lee Murphy
84.7%
Hint Answer % Correct
Loudon Blake
83.9%
John Harmon
83.1%
Arion Karimi
82.2%
Suneet Waghmarae
80.5%
Bryan Maas
79.7%
Charlie Kelman
79.7%
Isaac Stobbe
78.8%
Owen Perlowski
76.3%
Shrenick Vohra
75.4%
Wilfred Wallis
75.4%

You're not logged in!

Compare scores with friends on all Sporcle quizzes.
OR
Log In

Show Comments

Extras

Created Feb 10, 2014ReportNominate
Tags:beta, gamma, pledge

Top Quizzes Today


Score Distribution

Your Account Isn't Verified!

In order to create a playlist on Sporcle, you need to verify the email address you used during registration. Go to your Sporcle Settings to finish the process.

Report this User

Report this user for behavior that violates our Community Guidelines.

Details: